Statistiques concernant Quiz sur le formule 1

Cliquez ici pour prendre le quiz!

Statistiques générales

  • Ce quiz a été pris 294 fois
  • Le résultat moyen est 10 sur 15

Statistiques - réponses

QuestionRéponse% Correct
qui est le fournisseur officiel de pneus pour les coursesPirelli
95%
Pilote surnommé "le prince" mais n'a jamais gagné dans sa principautéCharles Leclerc
91%
Fonction qui permet d'ouvrir son aileron dans certaines zonesDRS
89%
Il échappe à la mort à Bahrein en 2020Romain Grosjean
88%
Ce septuple champion du monde n'a pas réussi sa troisième étoile...Michael Schumacher
87%
Record du pit-stop le plus rapide réalisé par McLaren en 2023 (en seconde)1.8
83%
Grand rival de Ayrton SennaAlain Prost
83%
quel célèbre commentateur français dit à chaque début de course :
" montez le volume et rendez-vous au premier virage"
Julien Febreau
83%
Quel pilote était tout proche de Pierre Gasly lors de sa victoire à MonzaCarlos Sainz
79%
nombre de victoire de Lewis Hamilton103
68%
Etape obligatoire à tous les pilotes après la coursela pesée
65%
Quel circuit comporte le célèbre "Raidillon"Spa-francorchamps
53%
A quel grand prix les deux pilotes Mercedes se sont percutés au premier tourBarcelone
32%
Sur combien de grand prix ces victoires sont elles reparties31
28%
En quelle année s'est tenu le premier grand prix de Monaco1929
26%

Distribution des résultats

Percentile par nombre de réponses

% des personnes avec chaque résultat

Votre développement - résultats

Vous n’avez pas pris ce quiz